Külsö adósságfelhalmozás és az adósságkezelés makroökonomiai problémái Magyarországon.

Prvý zo štyroch článkov autora na tému zadlženia maďarského hospodárstva. V dôsledku úpadku maďarského hospodárstva podstatný nárast dlhov v zahraničí za posledné tri roky. V r. 1991 predstavoval btto dlh 22,7 mld dolárov, ntto 14,7 mld dolárov. Vývoj medzi r. 1970-1990. Rozloženie zadlženia podľa r...

ver descrição completa

Na minha lista:
Detalhes bibliográficos
Autor principal: Oblath, G.
Formato: Capítulo de Livro
Idioma:húngaro
Assuntos:
Tags: Adicionar Tag
Sem tags, seja o primeiro a adicionar uma tag!

MARC

LEADER 00000naa a2200000 4500
001 r011084
005 20221125113710.8
041 0 |a hun 
044 |a HU 
245 1 0 |a Külsö adósságfelhalmozás és az adósságkezelés makroökonomiai problémái Magyarországon.  |c G. Oblath 
520 |a Prvý zo štyroch článkov autora na tému zadlženia maďarského hospodárstva. V dôsledku úpadku maďarského hospodárstva podstatný nárast dlhov v zahraničí za posledné tri roky. V r. 1991 predstavoval btto dlh 22,7 mld dolárov, ntto 14,7 mld dolárov. Vývoj medzi r. 1970-1990. Rozloženie zadlženia podľa rezortov. Transfer energetických zdrojov a ich využitie pre splácanie úverov. Krátko- a dlhodobé úvery, finančné, obchodné a iné dlhy. 
610 2 0 |a zadlženosť zahraničná 
610 2 0 |a MR 
610 2 0 |a údaje štatistické 
610 2 0 |a hospodárstvo národné 
610 2 0 |a zdroje energetické 
610 2 0 |a úver zahraničný 
610 2 0 |a 1970-1990 
100 1 |a Oblath, G.